Ekonomický význam Lagrangeovho multiplikátora
V článku je ukázané, že multiplikátor je mierou citlivosti optimálnej hodnoty cieľovej funkcie vzhľadom na zmenu na pravej strane väzbovej podmienky.
Saved in:
| Main Author: | |
|---|---|
| Format: | Book Chapter |
| Language: | Slovak |
| Subjects: | |
| Tags: |
No Tags, Be the first to tag this record!
|
MARC
| LEADER | 00000naa$a2200000$$$4500 | ||
|---|---|---|---|
| 001 | 0097992 | ||
| 005 | 20240502072100.9 | ||
| 041 | 0 | |a slo | |
| 044 | |a SK | ||
| 245 | 1 | 0 | |a Ekonomický význam Lagrangeovho multiplikátora |c Ján Gogola |
| 520 | |a V článku je ukázané, že multiplikátor je mierou citlivosti optimálnej hodnoty cieľovej funkcie vzhľadom na zmenu na pravej strane väzbovej podmienky. | ||
| 610 | 2 | 0 | |a matematika |
| 610 | 2 | 0 | |a funkcie matematické |
| 610 | 2 | 0 | |a technika výpočtová |
| 100 | 1 | |a Gogola, Ján, 1977- | |